[Event "6th Essent op"]
[Site "Hoogeveen NED"]
[Date "2002.10.14"]
[Round "4.25"]
[White "Meis, Eric"]
[Black "Hulshof, Peter"]
[Result "1/2-1/2"]
[WhiteElo "2113"]
[BlackElo "2223"]
[EventDate "2002.10.11"]
[PlyCount "22"]

1.e4 g6 2.d4 Bg7 3.c3 d5 4.exd5 Qxd5 5.Nf3 c5 6.Na3 a6 7.Bc4 Qe4+ 8.Be3 
Nh6 9.O-O cxd4 10.Bxd4 Bxd4 11.Nxd4 O-O 1/2-1/2

[Event "6th Essent op"]
[Site "Hoogeveen NED"]
[Date "2002.10.14"]
[Round "4.26"]
[White "Naalden, Marc"]
[Black "Van Leent, Dmitri"]
[Result "0-1"]
[WhiteElo "2108"]
[BlackElo "2203"]
[EventDate "2002.10.11"]
[PlyCount "62"]

1.d4 e6 2.c4 f5 3.Nc3 Nf6 4.g3 d5 5.Bg2 c6 6.Nh3 Bd6 7.O-O O-O 8.Bf4 Be7 
9.c5 h6 10.Bxb8 Rxb8 11.f4 Ng4 12.Rf3 Bd7 13.Nf2 Nf6 14.Nd3 Ne4 15.Ne5 Be8
16.Nxe4 dxe4 17.Ra3 b6 18.b4 a5 19.Rc3 axb4 20.Rc2 bxc5 21.dxc5 Qd5 22.
Qxd5 exd5 23.e3 Ra8 24.h3 b3 25.Rb2 Rxa2 26.Rbxa2 bxa2 27.Rxa2 Bxc5 28.Kf2
Bd6 29.Ra7 Bxe5 30.fxe5 Rf7 31.Ra8 Re7 0-1

[Event "6th Essent op"]
[Site "Hoogeveen NED"]
[Date "2002.10.14"]
[Round "4.29"]
[White "Potze, Rudolf"]
[Black "Spoelman, Wouter"]
[Result "1/2-1/2"]
[WhiteElo "2142"]
[BlackElo "2206"]
[EventDate "2002.10.11"]
[PlyCount "48"]

1.e4 c5 2.c3 d5 3.exd5 Qxd5 4.d4 Nc6 5.Nf3 cxd4 6.cxd4 e5 7.Nc3 Bb4 8.Bd2 
Bxc3 9.Bxc3 e4 10.Ne5 Nxe5 11.dxe5 Ne7 12.Qa4+ Bd7 13.Qb4 Nc6 14.Qxb7 Rb8 
15.Qc7 Bg4 16.h3 Bh5 17.g4 e3 18.Rh2 O-O 19.gxh5 Nd4 20.Bxd4 Qxd4 21.Qc3 
Qf4 22.Rg2 Rbc8 23.Qxe3 Qb4+ 24.Qd2 Qe4+ 1/2-1/2

[Event "6th Essent op"]
[Site "Hoogeveen NED"]
[Date "2002.10.14"]
[Round "4.30"]
[White "Galje, Hans"]
[Black "Hendriks, Richard V"]
[Result "1/2-1/2"]
[WhiteElo "2125"]
[BlackElo "2140"]
[EventDate "2002.10.11"]
[PlyCount "24"]

1.d4 e6 2.c4 b6 3.Nc3 Bb7 4.e3 f5 5.Nf3 Nf6 6.Bd3 Be7 7.O-O O-O 8.b3 Ne4 
9.Bb2 Nxc3 10.Bxc3 Bf6 11.Rc1 d6 12.Qe2 Nd7 1/2-1/2

[Event "6th Essent op"]
[Site "Hoogeveen NED"]
[Date "2002.10.15"]
[Round "5.1"]
[White "Riazantsev, Alexander"]
[Black "Dvoirys, Semen I"]
[Result "1/2-1/2"]
[WhiteElo "2543"]
[BlackElo "2567"]
[EventDate "2002.10.11"]
[PlyCount "75"]

1.Nf3 Nf6 2.c4 c5 3.d4 cxd4 4.Nxd4 b6 5.Nc3 Bb7 6.f3 d6 7.e4 e6 8.Be2 Nbd7
9.O-O Be7 10.Be3 O-O 11.Qd2 a6 12.Rac1 Re8 13.Rfd1 Rc8 14.Bf1 Bf8 15.Kh1 
Qc7 16.a3 Qb8 17.b4 Ne5 18.Na4 Nfd7 19.Nb2 Rc7 20.Rc2 Rec8 21.Rdc1 Qa8 22.
Nb3 Rb8 23.Qf2 Bc8 24.Be2 a5 25.Nd4 Ba6 26.Bd2 d5 27.cxd5 Rxc2 28.Nxc2 
exd5 29.Bxa6 Qxa6 30.exd5 axb4 31.Bxb4 Bxb4 32.Nxb4 Qxa3 33.Nc6 Nxc6 34.
dxc6 Nc5 35.Qd2 Qa8 36.c7 Rc8 37.Qd6 Ne6 38.Qxb6 1/2-1/2

[Event "6th Essent op"]
[Site "Hoogeveen NED"]
[Date "2002.10.15"]
[Round "5.2"]
[White "Hort, Vlastimil"]
[Black "Brodsky, Mikhail"]
[Result "1/2-1/2"]
[WhiteElo "2531"]
[BlackElo "2547"]
[EventDate "2002.10.11"]
[PlyCount "41"]

1.d4 Nf6 2.c4 e6 3.Nc3 Bb4 4.Qc2 O-O 5.a3 Bxc3+ 6.Qxc3 b6 7.Nf3 Bb7 8.e3 
d6 9.Be2 Nbd7 10.O-O a5 11.b3 Qe7 12.Nd2 c5 13.Bb2 Rfc8 14.Rfc1 d5 15.Bf3 
cxd4 16.exd4 Ra7 17.Be2 Ba6 18.a4 Nf8 19.Ba3 Qd8 20.Bf1 Ng6 21.Qb2 1/2-1/2

[Event "6th Essent op"]
[Site "Hoogeveen NED"]
[Date "2002.10.15"]
[Round "5.6"]
[White "Goloshchapov, Alexander"]
[Black "Solleveld, Maarten"]
[Result "1/2-1/2"]
[WhiteElo "2536"]
[BlackElo "2453"]
[EventDate "2002.10.11"]
[PlyCount "83"]

1.e4 c5 2.Nf3 e6 3.d4 cxd4 4.Nxd4 a6 5.Bd3 Bc5 6.Nb3 Ba7 7.c4 Nc6 8.Nc3 
Nge7 9.Qe2 O-O 10.O-O d6 11.Be3 Bxe3 12.Qxe3 e5 13.Rfd1 Be6 14.Be2 Ng6 15.
g3 Rc8 16.Rac1 Qc7 17.Qd2 Rcd8 18.Nd5 Qb8 19.Ne3 Qa7 20.Rc3 Nge7 21.Rd3 f5
22.Rxd6 fxe4 23.Rxd8 Rxd8 24.Qc2 Nd4 25.Nxd4 Rxd4 26.Re1 Qc5 27.Bf1 Qa5 
28.Qb1 Rd2 29.Qxe4 Rxb2 30.Nd5 Ng6 31.h4 Qc5 32.Re3 Bxd5 33.cxd5 Rb4 34.
Qf3 Qd6 35.Bh3 Nf8 36.Rc3 e4 37.Qf5 g6 38.Qg5 Rd4 39.Be6+ Nxe6 40.dxe6 
Qxe6 41.h5 Qf5 42.Qc1 1/2-1/2

[Event "6th Essent op"]
[Site "Hoogeveen NED"]
[Date "2002.10.15"]
[Round "5.7"]
[White "Shaposhnikov, Evgeny"]
[Black "Prasad, Devaki V"]
[Result "1/2-1/2"]
[WhiteElo "2544"]
[BlackElo "2421"]
[EventDate "2002.10.11"]
[PlyCount "99"]

1.e4 c6 2.d4 d5 3.e5 c5 4.dxc5 e6 5.a3 Qc7 6.Nf3 Bxc5 7.b4 Bb6 8.c4 a6 9.
cxd5 exd5 10.Bb2 Ne7 11.Bd3 Nbc6 12.O-O Bg4 13.Nbd2 Rd8 14.Qc2 h6 15.h3 
Be6 16.Rad1 O-O 17.Nb3 Rc8 18.Nc5 a5 19.Qe2 axb4 20.axb4 Bxc5 21.bxc5 Na5 
22.Bd4 Nb3 23.Qb2 Nxc5 24.Bxc5 Qxc5 25.Qxb7 Nc6 26.Qb2 d4 27.Rc1 Qa5 28.
Qb5 Qa3 29.Ra1 Qe7 30.Rfc1 Nb4 31.Nxd4 Rxc1+ 32.Rxc1 Bd7 33.Qc4 Nxd3 34.
Qxd3 Qxe5 35.Nf3 Qf5 36.Qxf5 Bxf5 37.Nd4 Rc8 38.Rd1 Rd8 39.f3 Rd6 40.Kf2 
f6 41.Rd2 Kf7 42.Ke3 Be6 43.Rc2 Rd7 44.g4 h5 45.Rc6 Bd5 46.Rb6 hxg4 47.
hxg4 g5 48.Nf5 Ra7 49.f4 Kg6 50.Rb5 1/2-1/2

[Event "6th Essent op"]
[Site "Hoogeveen NED"]
[Date "2002.10.15"]
[Round "5.8"]
[White "Grooten, Herman"]
[Black "Ionov, Sergey"]
[Result "1/2-1/2"]
[WhiteElo "2379"]
[BlackElo "2538"]
[EventDate "2002.10.11"]
[PlyCount "123"]

1.d4 Nf6 2.c4 e6 3.Nf3 b6 4.Nc3 Bb4 5.Qb3 c5 6.a3 Ba5 7.Bg5 Bb7 8.dxc5 Na6
9.Nd2 Nxc5 10.Qc2 Bxc3 11.Qxc3 O-O 12.f3 h6 13.Bxf6 Qxf6 14.Qxf6 gxf6 15.
b4 Na4 16.e3 Rac8 17.Be2 d5 18.Rc1 dxc4 19.Rxc4 Rfd8 20.Rxc8 Rxc8 21.O-O 
Kf8 22.Bb5 Nb2 23.Rb1 Rc2 24.Nb3 Bd5 25.Nd4 Rd2 26.Rc1 Nd1 27.Rc8+ Kg7 28.
Rc2 Rxc2 29.Nxc2 f5 30.Be2 Nc3 31.Bd3 Kf6 32.Kf2 e5 33.Ke1 e4 34.Be2 exf3 
35.gxf3 Ke5 36.Kd2 Nxe2 37.Kxe2 f4 38.Ne1 fxe3 39.Kxe3 Bc4 40.Ng2 Bb5 41.
Nf4 a5 42.h4 Bf1 43.bxa5 bxa5 44.Nh5 Bh3 45.Ng3 Bd7 46.f4+ Kd5 47.Ne4 Bf5 
48.Nf6+ Kc4 49.Ng8 h5 50.Nh6 Bh7 51.Nxf7 Kb3 52.Nd6 Kxa3 53.f5 a4 54.f6 
Bg8 55.f7 Bxf7 56.Nxf7 Kb3 57.Ne5 a3 58.Nd3 Kc3 59.Nc1 Kc2 60.Nd3 Kc3 61.
Nc1 Kc2 62.Nd3 1/2-1/2

[Event "6th Essent op"]
[Site "Hoogeveen NED"]
[Date "2002.10.15"]
[Round "5.11"]
[White "Visser, Yge"]
[Black "Hamelink, Desiree"]
[Result "1/2-1/2"]
[WhiteElo "2431"]
[BlackElo "2188"]
[EventDate "2002.10.11"]
[PlyCount "112"]

1.e4 c5 2.Nf3 d6 3.Be2 Nf6 4.c3 Nc6 5.d4 cxd4 6.cxd4 e6 7.Nc3 d5 8.e5 Ne4 
9.Bd3 f5 10.exf6 Nxf6 11.Bf4 Bd6 12.Bxd6 Qxd6 13.Qe2 O-O 14.O-O-O Qf4+ 15.
Kb1 Ng4 16.h3 Nh6 17.Qe3 Qxe3 18.fxe3 Bd7 19.e4 Nb4 20.Ne5 Bc6 21.Nxc6 
bxc6 22.Rhe1 Nxd3 23.Rxd3 Rf2 24.exd5 exd5 25.Re6 Rc8 26.g4 Nf7 27.h4 Nh6 
28.Na4 Nxg4 29.Nc5 Kf7 30.Rd6 Re8 31.a4 Rf6 32.Rd7+ Re7 33.Rb3 Rf1+ 34.Ka2
Re1 35.Rd6 Rc7 36.Rb8 Re8 37.Na6 Rxb8 38.Nxb8 Ne3 39.Nxc6 Nc4 40.Ne5+ Nxe5
41.dxe5 Rc4 42.Ka3 Rxh4 43.Rd7+ Ke6 44.Rxg7 a6 45.Ra7 Kxe5 46.Rxa6 d4 47.
Kb3 d3 48.Kc3 Rd4 49.Ra5+ Ke6 50.Kd2 Rb4 51.Kxd3 Rxb2 52.Rh5 Kd6 53.Kc4 
Kc6 54.Rh6+ Kb7 55.Rxh7+ Ka6 56.Rh8 Rb7 1/2-1/2

[Event "6th Essent op"]
[Site "Hoogeveen NED"]
[Date "2002.10.15"]
[Round "5.12"]
[White "Markus, John Raymond"]
[Black "Quinn, Mark"]
[Result "0-1"]
[WhiteElo "2243"]
[BlackElo "2429"]
[EventDate "2002.10.11"]
[PlyCount "80"]

1.d4 Nf6 2.Nf3 e6 3.Bg5 c5 4.e3 cxd4 5.exd4 b6 6.Nbd2 Bb7 7.Bd3 Be7 8.O-O 
d6 9.Re1 Nbd7 10.c3 O-O 11.a4 a6 12.Nf1 Re8 13.Bc2 b5 14.Ng3 Qb6 15.Qd3 g6
16.h4 Bf8 17.h5 Bg7 18.hxg6 hxg6 19.axb5 axb5 20.Rxa8 Bxa8 21.Bb3 Qc6 22.
Nh4 Nf8 23.Bxf6 Bxf6 24.Nf3 Rb8 25.Ne4 Bg7 26.Neg5 Qd7 27.d5 e5 28.Nd2 Bh6
29.Nge4 Kg7 30.Ra1 f5 31.Ng3 Nh7 32.Ne2 Nf6 33.f3 Qc7 34.Nf1 Qb6+ 35.Kh1 
Rh8 36.Nh2 Be3 37.Ng1 Nh5 38.g4 Nf4 39.Qd1 Bf2 40.Ne2 Qe3 0-1

[Event "6th Essent op"]
[Site "Hoogeveen NED"]
[Date "2002.10.15"]
[Round "5.13"]
[White "Pel, Bonno"]
[Black "Van de Oudeweetering, Arthur"]
[Result "0-1"]
[WhiteElo "2229"]
[BlackElo "2413"]
[EventDate "2002.10.11"]
[PlyCount "82"]

1.Nc3 Nf6 2.e4 e5 3.Nf3 Nc6 4.g3 d5 5.exd5 Nxd5 6.Bg2 Nde7 7.O-O g6 8.Re1 
Bg7 9.b4 a6 10.Rb1 f5 11.a4 e4 12.b5 axb5 13.axb5 Na5 14.Ng5 Bxc3 15.dxc3 
Qxd1 16.Rxd1 h6 17.Nh3 g5 18.Ra1 f4 19.Nxf4 gxf4 20.Bxf4 Bg4 21.Re1 Kf7 
22.Bxc7 Nc4 23.Bf1 Nd2 24.Kg2 Bf3+ 25.Kg1 Nxf1 26.Rxf1 Nd5 27.Be5 Rhc8 28.
Rxa8 Rxa8 29.c4 Ke6 30.Bg7 Nf4 31.Rb1 Ne2+ 32.Kf1 Rc8 33.Re1 Rxc4 34.Bxh6 
Rxc2 35.Be3 Nc3 36.b6 Nd5 37.Bg5 Rb2 38.h4 Kf5 39.Kg1 Nxb6 40.Rc1 Nd7 41.
Be3 Rb5 0-1

[Event "6th Essent op"]
[Site "Hoogeveen NED"]
[Date "2002.10.15"]
[Round "5.15"]
[White "Van Leent, Dmitri"]
[Black "Filipek, Jakub"]
[Result "0-1"]
[WhiteElo "2203"]
[BlackElo "2374"]
[EventDate "2002.10.11"]
[PlyCount "108"]

1.c4 e5 2.g3 Nf6 3.Bg2 d5 4.cxd5 Nxd5 5.Nf3 Nc6 6.Nc3 Be6 7.O-O Nb6 8.a3 
Be7 9.d3 O-O 10.b4 f6 11.Bb2 Qd7 12.Ne4 Nd4 13.Nc5 Bxc5 14.bxc5 Bb3 15.Qe1
Nxf3+ 16.Bxf3 Na4 17.Qb4 Qf7 18.Bc1 c6 19.Be3 a5 20.Qd2 f5 21.Rab1 Rfd8 
22.Qc1 Rd7 23.Bg2 Rad8 24.Bg5 Re8 25.Bd2 e4 26.dxe4 Bc4 27.Be3 Bxe2 28.Qc2
Qc4 29.Qxc4+ Bxc4 30.Rfc1 Bd3 31.Rb3 Bxe4 32.Bxe4 Rxe4 33.f3 Re5 34.Bf2 
Re2 35.Be3 Rb2 36.Rxb2 Nxb2 37.Rc2 Nd1 38.Rd2 Rxd2 39.Bxd2 a4 40.Kf1 Nb2 
41.Ke2 Kf7 42.g4 g6 43.gxf5 gxf5 44.Bc1 Nc4 45.Kd3 Ne5+ 46.Kc3 Ke6 47.f4 
Nf3 48.h3 Kd5 49.Be3 Ke4 50.Bf2 Kxf4 51.Kb4 Ne5 52.Kxa4 Ke4 53.Ka5 Nd7 54.
Kb4 f4 0-1

[Event "6th Essent op"]
[Site "Hoogeveen NED"]
[Date "2002.10.15"]
[Round "5.16"]
[White "Lahaye, Rick"]
[Black "Van Beers, Eddy"]
[Result "0-1"]
[WhiteElo "2195"]
[BlackElo "2331"]
[EventDate "2002.10.11"]
[PlyCount "52"]

1.e4 c5 2.c4 Nc6 3.Nf3 e5 4.Nc3 d6 5.d3 g6 6.g3 Bg7 7.Bg2 Nge7 8.O-O O-O 
9.a3 f5 10.Nd5 a5 11.Bd2 h6 12.h4 f4 13.b4 axb4 14.axb4 Rxa1 15.Qxa1 Nxd5 
16.cxd5 Nxb4 17.Bxb4 cxb4 18.Rb1 fxg3 19.fxg3 Qb6+ 20.Kh2 Bg4 21.Nd2 g5 
22.hxg5 hxg5 23.Nc4 Qc5 24.Re1 Bd7 25.Qd1 Rf2 26.Qh5 Rf6 0-1

[Event "6th Essent op"]
[Site "Hoogeveen NED"]
[Date "2002.10.15"]
[Round "5.17"]
[White "Van Weersel, Arlette"]
[Black "De Jong, Migchiel"]
[Result "0-1"]
[WhiteElo "2093"]
[BlackElo "2298"]
[EventDate "2002.10.11"]
[PlyCount "194"]

1.e4 e6 2.d3 d5 3.Nd2 Nf6 4.Ngf3 b6 5.e5 Nfd7 6.d4 c5 7.c3 Ba6 8.Bxa6 Nxa6
9.O-O Be7 10.Ne1 b5 11.Qg4 g6 12.Ndf3 h6 13.h4 Qb6 14.Be3 c4 15.h5 g5 16.
Nxg5 hxg5 17.Bxg5 Rg8 18.Nf3 Qd8 19.h6 Nf8 20.Qh5 Bxg5 21.h7 Nxh7 22.Qxh7 
Rg6 23.Nh2 Bf4 24.g3 Qg5 25.Nf3 Qh6 26.Qxh6 Bxh6 27.Nh4 Rg4 28.Kh2 Ke7 29.
f3 Rg7 30.f4 Rag8 31.Rf3 Rh7 32.Kg2 b4 33.Raf1 Nb8 34.cxb4 Nc6 35.Ra3 Ra8 
36.Nf3 Nxb4 37.Ne1 Nc6 38.Nf3 Rb8 39.Rf2 Rhh8 40.Rd2 Rb4 41.Re3 Rhb8 42.
Ree2 Ra4 43.a3 Na5 44.Rc2 Rb3 45.Kf2 Rd3 46.Re3 Rxe3 47.Kxe3 Nb3 48.g4 Ra6
49.Rh2 Bg7 50.Rh7 Kf8 51.Nh4 Kg8 52.Rh5 Rc6 53.f5 c3 54.bxc3 Rxc3+ 55.Kf2 
Nxd4 56.f6 Nc6 57.Rg5 Nxe5 58.Rxg7+ Kh8 59.g5 Rh3 60.g6 Rxh4 61.gxf7 Nxf7 
62.Rxf7 Rf4+ 63.Ke3 Rf5 64.Kd4 a5 65.Ra7 a4 66.f7 Kg7 67.Re7 Rf4+ 68.Kd3 
Re4 69.Rd7 Kf8 70.Ra7 Rf4 71.Ke3 Rh4 72.Kd3 Rf4 73.Ke3 Rxf7 74.Rxa4 Ke7 
75.Ra8 Kd6 76.a4 Ke5 77.a5 d4+ 78.Kd3 Rf3+ 79.Ke2 Ra3 80.a6 Ke4 81.a7 Ra2+
82.Kd1 e5 83.Ke1 Kd3 84.Re8 Rxa7 85.Rxe5 Ra1+ 86.Kf2 Kd2 87.Rc5 Ra6 88.Kf3
d3 89.Rc8 Rf6+ 90.Kg2 Ke2 91.Re8+ Kd1 92.Rd8 d2 93.Rc8 Rf5 94.Rc7 Ke2 95.
Re7+ Kd3 96.Rd7+ Ke3 97.Rd8 Rf4 0-1

[Event "6th Essent op"]
[Site "Hoogeveen NED"]
[Date "2002.10.15"]
[Round "5.18"]
[White "Timmermans, Ivo"]
[Black "Span, Paul"]
[Result "1/2-1/2"]
[WhiteElo "2180"]
[BlackElo "2295"]
[EventDate "2002.10.11"]
[PlyCount "39"]

1.e4 e6 2.d4 d5 3.Nc3 Nf6 4.e5 Nfd7 5.f4 c5 6.Nf3 Nc6 7.Be3 cxd4 8.Nxd4 
Bc5 9.Qd2 Nxd4 10.Bxd4 Bxd4 11.Qxd4 Qb6 12.Qxb6 Nxb6 13.Nb5 Ke7 14.O-O-O 
Bd7 15.Nd4 Na4 16.Bd3 Nc5 17.Rhf1 g6 18.b3 h5 19.g3 a6 20.Kb2 1/2-1/2

[Event "6th Essent op"]
[Site "Hoogeveen NED"]
[Date "2002.10.15"]
[Round "5.19"]
[White "Sawadkuhi, Massoud Amir"]
[Black "Willemsen, Jos"]
[Result "1/2-1/2"]
[WhiteElo "2263"]
[BlackElo "2263"]
[EventDate "2002.10.11"]
[PlyCount "116"]

1.d4 Nf6 2.Nc3 d5 3.Bg5 h6 4.Bh4 g6 5.e3 Bg7 6.Nf3 b6 7.a4 a5 8.Ne5 Bb7 9.
Bb5+ c6 10.Be2 O-O 11.O-O Ba6 12.Bxa6 Rxa6 13.Qd3 Ra7 14.f3 Qc8 15.e4 e6 
16.g4 g5 17.Bg3 Na6 18.Kg2 Nb4 19.Qd2 Rd8 20.h4 Nh7 21.exd5 exd5 22.Nd1 c5
23.c3 Nc6 24.Ne3 Nxe5 25.Bxe5 f6 26.Bg3 Bf8 27.Nf5 h5 28.Rae1 hxg4 29.fxg4
Qc6 30.b3 c4 31.bxc4 dxc4+ 32.Rf3 Qxa4 33.Re6 Re8 34.Qe2 Rxe6 35.Qxe6+ Rf7
36.Ne3 Qd7 37.Qxc4 Kh8 38.Nf5 b5 39.Qa2 a4 40.h5 b4 41.cxb4 Bxb4 42.d5 Rf8
43.Bf2 Bd6 44.Rc3 Be5 45.Rc6 Rb8 46.Ra6 Rb3 47.Ra8+ Bb8 48.Ne3 Rb4 49.Bg3 
Qc8 50.Rxb8 Rxb8 51.Bxb8 Qxb8 52.Qxa4 Nf8 53.Qe4 Qd6 54.Nc4 Qa6 55.h6 Qa2+
56.Kf1 Ng6 57.Qxg6 Qxc4+ 58.Ke1 Qb4+ 1/2-1/2

[Event "6th Essent op"]
[Site "Hoogeveen NED"]
[Date "2002.10.15"]
[Round "5.20"]
[White "Van der Veen, Jan"]
[Black "Schuurman, Petra"]
[Result "0-1"]
[WhiteElo "2135"]
[BlackElo "2274"]
[EventDate "2002.10.11"]
[PlyCount "110"]

1.e4 c6 2.d4 d5 3.Nd2 dxe4 4.Nxe4 Bf5 5.Ng3 Bg6 6.N1e2 e6 7.Nf4 Nd7 8.h4 
Ne7 9.h5 Bf5 10.h6 g6 11.Nd3 Qb6 12.c3 O-O-O 13.Nxf5 gxf5 14.Qb3 Rg8 15.g3
Nd5 16.Bd2 c5 17.c4 N5f6 18.Qxb6 axb6 19.dxc5 bxc5 20.Bf4 Ng4 21.Be2 e5 
22.Bxg4 Rxg4 23.Be3 Rxc4 24.Rh5 e4 25.Rc1 Rxc1+ 26.Nxc1 Ne5 27.Rxf5 Rd5 
28.Ke2 Kd7 29.Nb3 Ke6 30.Rg5 f6 31.Rg8 Ng6 32.Bxc5 Kf7 33.Rxf8+ Nxf8 34.
Be3 Ne6 35.Nd2 f5 36.f3 exf3+ 37.Nxf3 Kf6 38.b3 Rd6 39.a4 Rd5 40.Nd2 Nd4+ 
41.Kf2 Kg6 42.Bf4 Ne6 43.Be3 Nc5 44.Ke2 Kh5 45.Kf3 Ne6 46.Kf2 Nd4 47.Bf4 
Rd8 48.Be3 Kg4 49.Nc4 Nxb3 50.Bb6 Rc8 51.Ne3+ Kg5 52.a5 Nd2 53.Nd5 Nc4 54.
Bc7 Kxh6 55.Bf4+ Kg7 0-1

[Event "6th Essent op"]
[Site "Hoogeveen NED"]
[Date "2002.10.15"]
[Round "5.21"]
[White "Dogge, Marc"]
[Black "Weeks, Manuel"]
[Result "1-0"]
[WhiteElo "2124"]
[BlackElo "2259"]
[EventDate "2002.10.11"]
[PlyCount "55"]

1.e4 e6 2.d4 d5 3.Nc3 Nf6 4.e5 Nfd7 5.Nce2 c5 6.f4 Nc6 7.Nf3 Qb6 8.c3 f6 
9.a3 Be7 10.g3 O-O 11.Bh3 cxd4 12.Nexd4 Nxd4 13.cxd4 fxe5 14.fxe5 Nb8 15.
O-O Nc6 16.Kh1 Bd7 17.Bg5 Rae8 18.b4 Bxg5 19.Nxg5 Qxd4 20.Qh5 h6 21.Nxe6 
Bxe6 22.Bxe6+ Kh8 23.Bf7 Rxe5 24.Bg6 Rf2 25.Rae1 Qc3 26.Qd1 Qb2 27.Rxf2 
Qxf2 28.Rf1 1-0

[Event "6th Essent op"]
[Site "Hoogeveen NED"]
[Date "2002.10.15"]
[Round "5.24"]
[White "Hulshof, Peter"]
[Black "Van Geffen, Ben"]
[Result "1-0"]
[WhiteElo "2223"]
[BlackElo "2129"]
[EventDate "2002.10.11"]
[PlyCount "97"]

1.e4 e5 2.Nf3 Nc6 3.Bb5 a6 4.Bxc6 dxc6 5.O-O Bg4 6.h3 h5 7.d3 Qf6 8.Be3 
Bxf3 9.Qxf3 Qxf3 10.gxf3 Bd6 11.Nd2 Ne7 12.Rfb1 Ng6 13.Kf1 Nf8 14.b4 Ne6 
15.a4 Kd7 16.Ke2 Rhb8 17.c3 a5 18.b5 cxb5 19.Rxb5 c6 20.Rb6 Bc7 21.Nc4 
Bxb6 22.Nxb6+ Kc7 23.Nxa8+ Rxa8 24.d4 f6 25.d5 Nf4+ 26.Bxf4 exf4 27.Kd3 b5
28.c4 bxc4+ 29.Kxc4 Rb8 30.Kc5 Rb3 31.Rg1 g5 32.h4 cxd5 33.hxg5 fxg5 34.
Kxd5 Rxf3 35.Rxg5 Rxf2 36.Rxh5 Rd2+ 37.Ke6 Rd6+ 38.Ke5 f3 39.Rf5 Rd3 40.
Kf6 Rd4 41.e5 Kd7 42.Rxf3 Ke8 43.Ra3 Kf8 44.Ke6 Kg7 45.Ke7 Kg6 46.e6 Kf5 
47.Kf7 Rh4 48.e7 Rh7+ 49.Kf8 1-0

[Event "6th Essent op"]
[Site "Hoogeveen NED"]
[Date "2002.10.15"]
[Round "5.25"]
[White "Galje, Hans"]
[Black "Archangelsky, Mikhail"]
[Result "1/2-1/2"]
[WhiteElo "2125"]
[BlackElo "2370"]
[EventDate "2002.10.11"]
[PlyCount "91"]

1.d4 d5 2.c4 c6 3.cxd5 cxd5 4.Bf4 Nc6 5.Nc3 Nf6 6.e3 a6 7.Bd3 Bg4 8.Nge2 
e6 9.O-O Bd6 10.f3 Bh5 11.Bxd6 Qxd6 12.Rc1 O-O 13.Na4 Nd7 14.a3 b5 15.Nc5 
Nxc5 16.Rxc5 Na5 17.e4 Nb7 18.Rc3 Rac8 19.Qc2 Rxc3 20.Qxc3 dxe4 21.Bxe4 
Qb6 22.Bxb7 Qxb7 23.Rc1 Ra8 24.b4 Bg6 25.Nf4 Qb8 26.h4 Bf5 27.g4 Bb1 28.d5
g6 29.Qf6 Ba2 30.dxe6 Bxe6 31.h5 Qd8 32.Qxd8+ Rxd8 33.Rc6 Bc4 34.Rxa6 Kg7 
35.Kf2 g5 36.Nh3 h6 37.Kg3 Rd3 38.Nf2 Rb3 39.Ne4 Bd5 40.Kf2 Bxe4 41.fxe4 
Rc3 42.Rb6 Rxa3 43.Rxb5 Kf6 44.Rc5 Rb3 45.b5 Ke6 46.Rd5 1/2-1/2

[Event "6th Essent op"]
[Site "Hoogeveen NED"]
[Date "2002.10.15"]
[Round "5.27"]
[White "Balzer, Lars"]
[Black "Ahlers, Ben"]
[Result "1-0"]
[WhiteElo "2110"]
[BlackElo "2209"]
[EventDate "2002.10.11"]
[PlyCount "59"]

1.e4 e6 2.Nc3 d5 3.f4 c5 4.Nf3 Nc6 5.g3 d4 6.Nb1 Be7 7.d3 h5 8.h3 Nf6 9.
Bg2 Qc7 10.a4 Bd7 11.Na3 Qa5+ 12.Bd2 Qxa4 13.Ne5 Bc8 14.b3 Qa6 15.Nac4 Qb5
16.O-O Nd7 17.Qf3 g6 18.g4 hxg4 19.hxg4 Ndxe5 20.fxe5 Rh7 21.Nd6+ Bxd6 22.
exd6 Qb6 23.e5 Nxe5 24.Qg3 Qxd6 25.Bf4 f6 26.g5 Nf3+ 27.Rxf3 e5 28.gxf6 
exf4 29.Qxg6+ Rf7 30.Re1+ 1-0

[Event "6th Essent op"]
[Site "Hoogeveen NED"]
[Date "2002.10.15"]
[Round "5.28"]
[White "Spoelman, Wouter"]
[Black "Naalden, Marc"]
[Result "1-0"]
[WhiteElo "2206"]
[BlackElo "2108"]
[EventDate "2002.10.11"]
[PlyCount "115"]

1.e4 e6 2.d4 d5 3.Nc3 Nf6 4.Bg5 Bb4 5.e5 h6 6.Bd2 Bxc3 7.bxc3 Ne4 8.Bd3 
Nxd2 9.Qxd2 b6 10.Nh3 Ba6 11.Bxa6 Nxa6 12.O-O c5 13.f4 g6 14.Nf2 Rc8 15.
Ng4 cxd4 16.cxd4 Rc4 17.Ne3 Rc6 18.Qd3 Qc8 19.f5 gxf5 20.g4 Nb4 21.Qb5 
Nxc2 22.Nxc2 a6 23.Qb2 Rxc2 24.Rac1 Rxc1 25.Rxc1 Qb7 26.Qb4 Rg8 27.Qd6 
Rxg4+ 28.Kh1 Rxd4 29.Rc7 Rd1+ 30.Kg2 Rd2+ 31.Kh3 Qxc7 32.Qxc7 Rxa2 33.Qb8+
Ke7 34.Qd6+ Ke8 35.Qxb6 Kf8 36.Qd8+ Kg7 37.Qf6+ Kg8 38.Qxh6 Ra3+ 39.Kh4 
Ra4+ 40.Kg3 Rg4+ 41.Kf3 a5 42.h3 Re4 43.Qg5+ Kh7 44.Qf6 Kg8 45.Qd8+ Kg7 
46.Qf6+ Kg8 47.h4 Rg4 48.h5 a4 49.h6 a3 50.h7+ Kxh7 51.Qxf7+ Rg7 52.Qxe6 
Ra7 53.Qxf5+ Kg8 54.Qc8+ Kg7 55.Qc5 Ra6 56.Qxd5 Kh8 57.Qb7 Ra4 58.Qc8+ 1-0

[Event "6th Essent op"]
[Site "Hoogeveen NED"]
[Date "2002.10.16"]
[Round "6.6"]
[White "Ionov, Sergey"]
[Black "Goloshchapov, Alexander"]
[Result "1/2-1/2"]
[WhiteElo "2538"]
[BlackElo "2536"]
[EventDate "2002.10.11"]
[PlyCount "102"]

1.Nf3 Nf6 2.d4 g6 3.Bf4 Bg7 4.e3 c5 5.c3 b6 6.Nbd2 Bb7 7.Bd3 d6 8.O-O Nh5 
9.Bg5 h6 10.Bh4 g5 11.Ne1 Nf4 12.Bb5+ Nd7 13.Bg3 Ng6 14.Nc2 f5 15.Qh5 Kf7 
16.Bd3 Nf6 17.Qe2 Qd7 18.f4 gxf4 19.Bxf4 d5 20.Ne1 Kg8 21.Bb5 Bc6 22.Bxc6 
Qxc6 23.Bg3 e6 24.Nd3 Kh7 25.Ne5 Nxe5 26.Bxe5 Rhg8 27.Kh1 Raf8 28.Nf3 c4 
29.Nd2 b5 30.a3 a5 31.Rfd1 Bh8 32.Rg1 Rg4 33.h3 Rg6 34.Raf1 Rfg8 35.g4 
fxg4 36.Bxf6 Bxf6 37.Rxg4 Rxg4 38.hxg4 e5 39.Rf5 Qe6 40.Qf3 Rg6 41.Nf1 e4 
42.Qf4 Bg5 43.Qb8 Rf6 44.Qb7+ Kg6 45.Ng3 Bxe3 46.Qxd5 Qxd5 47.Rxd5 Rf4 48.
Re5 Rxg4 49.Nxe4 b4 50.axb4 axb4 51.Nd6 bxc3 1/2-1/2

[Event "6th Essent op"]
[Site "Hoogeveen NED"]
[Date "2002.10.16"]
[Round "6.10"]
[White "Van Beers, Eddy"]
[Black "Visser, Yge"]
[Result "1/2-1/2"]
[WhiteElo "2331"]
[BlackElo "2431"]
[EventDate "2002.10.11"]
[PlyCount "98"]

1.e4 e6 2.d4 d5 3.Nd2 Nf6 4.e5 Nfd7 5.Bd3 c5 6.c3 Nc6 7.Ne2 cxd4 8.cxd4 f6
9.exf6 Nxf6 10.Nf3 Bd6 11.O-O O-O 12.Bf4 Nh5 13.Bxd6 Qxd6 14.Qd2 Rxf3 15.
gxf3 Bd7 16.Qg5 g6 17.Kh1 Rf8 18.Rg1 Nf4 19.Qg3 e5 20.dxe5 Qxe5 21.Nxf4 
Qxf4 22.Qxf4 Rxf4 23.Rg3 Ne5 24.Be2 d4 25.Rc1 Bc6 26.Rc5 Rf5 27.Kg2 Kf7 
28.Bb5 Ke6 29.Bxc6 bxc6 30.Kf1 Kd6 31.b4 Rf4 32.a3 d3 33.Ke1 Rd4 34.Kd1 a5
35.Rxa5 d2 36.Rxe5 Kxe5 37.Rg5+ Kd6 38.Rc5 Rd3 39.Rc2 Rxa3 40.Rxd2+ Kc7 
41.Ke2 Ra7 42.Rd4 Kb6 43.Rc4 Rf7 44.Ke3 Rc7 45.f4 Kb5 46.Re4 Ra7 47.Kf3 
Rd7 48.Kg4 Rd2 49.Kg3 Rd3+ 1/2-1/2

[Event "6th Essent op"]
[Site "Hoogeveen NED"]
[Date "2002.10.16"]
[Round "6.11"]
[White "Quinn, Mark"]
[Black "Filipek, Jakub"]
[Result "1-0"]
[WhiteElo "2429"]
[BlackElo "2374"]
[EventDate "2002.10.11"]
[PlyCount "164"]

1.c4 Nf6 2.Nc3 g6 3.d4 Bg7 4.e4 O-O 5.f3 d6 6.Nge2 Nbd7 7.Be3 c5 8.Qd2 a6 
9.Rd1 b6 10.Bh6 b5 11.Bxg7 Kxg7 12.dxc5 dxc5 13.e5 Ne8 14.h4 h5 15.Nf4 Qc7
16.Nxh5+ Kh7 17.Nf4 Qxe5+ 18.Be2 Nd6 19.O-O Nf5 20.Ne4 Qd4+ 21.Rf2 Ne3 22.
Qxd4 cxd4 23.Rxd4 e5 24.Rxd7 Bxd7 25.Nf6+ Kg7 26.Nxd7 exf4 27.Nxf8 Kxf8 
28.cxb5 axb5 29.a3 b4 30.axb4 Ra1+ 31.Kh2 Rb1 32.Bd3 Rd1 33.Ba6 Nf5 34.Rf1
Rd2 35.Kh3 Rxb2 36.b5 Ng3 37.Ra1 f5 38.Kh2 Rb4 39.Kg1 Kg7 40.Kf2 Rb2+ 41.
Ke1 Kf6 42.Ra3 Ke5 43.Rd3 Rb1+ 44.Kd2 Nf1+ 45.Kc2 Rb4 46.Kc3 Rb1 47.Kc4 
Ne3+ 48.Kc5 Rc1+ 49.Kb6 Nd5+ 50.Ka7 Rb1 51.Rd2 Rb3 52.Rc2 Nb4 53.Rc8 Rb2 
54.Bb7 Ra2+ 55.Kb8 Rxg2 56.b6 Rh2 57.Rc4 Nd3 58.Bc6 Kd6 59.b7 Ne5 60.Kc8 
Rb2 61.Rc2 Rxc2 62.b8=Q+ Ke6 63.Qb3+ Rc4 64.Kb7 Kd6 65.Qa3+ Ke6 66.Bb5 Rd4
67.Qb3+ Kf6 68.Qc3 Rd5 69.Qc7 Ke6 70.Ba4 Rd3 71.Qb6+ Ke7 72.Qb4+ Ke6 73.
Bb3+ Kd7 74.Ba4+ Ke6 75.Qxf4 Rxf3 76.Qd4 f4 77.Kc7 Rd3 78.Bd7+ Nxd7 79.
Qxd3 Ne5 80.Qe4 f3 81.Qf4 Kd5 82.Kd8 Ke6 1-0

[Event "6th Essent op"]
[Site "Hoogeveen NED"]
[Date "2002.10.16"]
[Round "6.12"]
[White "Prasad, Devaki V"]
[Black "De Jong, Migchiel"]
[Result "1/2-1/2"]
[WhiteElo "2421"]
[BlackElo "2298"]
[EventDate "2002.10.11"]
[PlyCount "98"]

1.e4 e6 2.d4 d5 3.Nd2 c5 4.exd5 Qxd5 5.Ngf3 cxd4 6.Bc4 Qd6 7.O-O Nf6 8.Nb3
Nc6 9.Nbxd4 Nxd4 10.Nxd4 a6 11.Bd3 Be7 12.Re1 O-O 13.Nf3 b5 14.a4 b4 15.
Ne5 Bb7 16.Bg5 Qd5 17.Bf1 Qxd1 18.Raxd1 Rfd8 19.Nc4 Bc6 20.b3 h6 21.Na5 
Rxd1 22.Rxd1 Be4 23.Bxf6 Bxf6 24.Bd3 Rd8 25.f3 Bd5 26.Bc4 Ba8 27.Be2 Rxd1+
28.Bxd1 Bd8 29.Nc4 Bd5 30.Be2 Bc7 31.h3 f5 32.Kf1 Kf7 33.Ne3 Bb7 34.Bc4 
Kf6 35.Ke2 Bb6 36.Nd1 g5 37.c3 bxc3 38.Nxc3 a5 39.Na2 Bc5 40.Nc1 h5 41.Nd3
Bd6 42.g4 h4 43.Nf2 Bc5 44.Nd3 Bd6 45.Nf2 Bc6 46.Nd3 e5 47.gxf5 Kxf5 48.
Bg8 Bd7 49.Bh7+ Kf6 1/2-1/2